000 00862nas a2200265 4500
001 BR9500761
003 BR-BrBNA
005 20231205094240.0
007 ta
008 230509b bl.|||p| |||| 00| 00por d
040 _aBR-BrBNA
_bpor
_cBiblioteca Nacional de Agricultura
041 _a(Pt)
072 _aJ10; F02
100 1 _aScalon, S. de P.Q.
100 1 _aAlvarenga, A.A. de
100 1 _aDavide, A.C.
245 1 _aInfluencia do substrato, temperatura, umidade e armazenamento sobre a germinacao de sementes de pau pereira (Platycyamus regnelli Benth)
650 _aPau Pereira
650 _aSemente
650 _aArmazenamento
650 _aPoder Germinativo
773 0 _tRevista Brasileira de Sementes (Brazil)
_xISSN 0101-3122
_g(1993), v. 15(1) p. 143-146
_wBR9500761
909 _a202311
_bLúcia
_c55
_dLúcia Elande
942 _2AGRIS
_n0
_cANA
999 _c143079
_d143079